| 000 | 00645nam a22001937a 4500 | ||
|---|---|---|---|
| 005 | 20180830120623.0 | ||
| 010 | _aENG-123794 | ||
| 020 |
_c750.00 _a9789386262462 |
||
| 035 | _aEN-107326 | ||
| 037 | _bDBAD/PUB | ||
| 082 | _a302.230954 | ||
| 100 | _aShubha Singh | ||
| 245 |
_aMedia and foreign policy in india / _cby Shubha Singh |
||
| 260 |
_aDelhi _bShipra Publications _c2017 |
||
| 270 |
_aLG 18-19,Pankaj Central Market I.P.Ext.,Patparganj _bDelhi _e110092 _k91 11 22235152/ 6152 _mwww.shiprapublication.com |
||
| 300 |
_ax,181p. _c22cm(Hb) |
||
| 500 | _aIt includes bibliography | ||
| 942 |
_2ddc _cEN _mSHU _h302.230954 |
||
| 999 |
_c156654 _d156654 |
||